00372 a2200145 450000100060000002000150000604000370002110000260005824000430008424500380012730000080016536200060017344000230017965000240020273172 a8576663376 cAnchieta - Colégio São Paulo aMarino, Denise Mattos10aHistória, 6ª Série - 7º anolpor10aHistória, 6ª Série - 7º ano a1360 a0 1aEscala Educacional 4aHistória do mundo